| 000 | 02067nam a22002297a 4500 | ||
|---|---|---|---|
| 003 | OSt | ||
| 005 | 20260211142036.0 | ||
| 008 | 260206b |||||||| |||| 00| 0 eng d | ||
| 020 | _a9789354243479 | ||
| 040 | _cAIMIT LIBRARY | ||
| 100 |
_aHameed, Mohd. Abdul. _9253872 |
||
| 245 |
_aPython for data science / _bBy Mohd. Abdul Hameed. |
||
| 250 | _a1st ed. | ||
| 260 |
_aNew Delhi : _bWiley India Pvt Ltd , _c2021. |
||
| 300 |
_axix,273 p.; _bPB _c24.5 cm. |
||
| 500 | _aPython for Data Science contains the basic and advanced concepts to understand Python language. Besides, it furnishes the detailed procedure on how to implement a Data Science project. This book is intended to develop in readers the skills to independently work on their Data Science projects. In addition to UG, PG, and PhD students, this book would be a ready reckoner to IT professionals. | ||
| 505 |
_aPython Data Types, Values, and Identifiers
Statements, Expressions, and Operators
Python’s Flow Control Tools
Functions in Python
Python Modules
Python Classes and Objects
Files and Input/Output
Errors and Exceptions
Pandas
Data Visualization with Seaborn
Introduction to Machine Learning _gThis book was amazing. I read it and finished the book. I can say this book is monumental. Book covers everything so simple and easy to read and understand. This book is a useful and comprehensive reference to understand python for data science concepts. Anurag Rana (Ph D) Yoganada School of AI, Computer and Data Sciences Faculty of Engineering and Technology Shoolini University _rDr. Mohd. Abdul Hameed is currently working as an Assistant Professor in the Department of Computer Science and Engineering, University College of Engineering, Osmania University (OU), Hyderabad, Telangana. Further, he holds an additional responsibility as Training and Placement Officer at the College of Engineering |
||
| 650 |
_aStatements expressions and operators _9253873 |
||
| 650 |
_aFunctions in python _9253874 |
||
| 650 | _2Files and input/output | ||
| 942 |
_2ddc _cBK _e1 _k005.76 HAMM |
||
| 999 |
_c240846 _d240846 |
||